Largest countries by size - Statistics

General Stats
  • This quiz has been taken 45 times
  • The average score is 22 of 25
Answers on the Map
Answers color-coded by a green-red scale on the quiz's map according to % correct below.
 
Answer Stats
Answer % Correct
China
100%
Russia
100%
Argentina
98%
Brazil
98%
Canada
98%
India
98%
United States
98%
Australia
95%
Mexico
95%
Algeria
93%
Dr. Congo
93%
Mongolia
90%
Saudi Arabia
90%
Iran
88%
Indonesia
86%
Kazakhstan
86%
Peru
86%
Libya
83%
South Africa
83%
Sudan
83%
Chad
79%
Denmark
79%
Niger
79%
Mali
76%
Angola
69%
No matching quizzes found
Score Distribution
Percent of People with Each Score
Percentile by Number Answered
Your Score History
You have not taken this quiz